[Event "XXVI Festival A"]
[Site "Arco ITA"]
[Date "2014.10.08"]
[Round "5"]
[White "Wurm, Alexander"]
[Black "Hilbenz, Guntram"]
[WhiteElo "2111"]
[BlackElo "1951"]
[Result "1-0"]
[PlyCount "61"]
[EventDate "2014.10.04"]

1. d4 d6 2. c4 e5 3. Nf3 e4 4. Nfd2 f5 5. e3 Nf6 6. Nc3 c6 7. Be2 Be7 8. b4 Na6
9. Qb3 Nc7 10. f3 d5 11. O-O Be6 12. b5 Qd7 13. bxc6 bxc6 14. Ba3 O-O 15. Rab1
dxc4 16. Bxc4 Bxa3 17. Qxa3 Bxc4 18. Nxc4 Nb5 19. Nxb5 cxb5 20. Ne5 Qd5 21.
Rfc1 Rfc8 22. f4 Nd7 23. Rxc8+ Rxc8 24. Nxd7 Qxd7 25. Qb3+ Kf8 26. Qxb5 Rc1+
27. Kf2 Rc2+ 28. Kg3 Qxb5 29. Rxb5 Rxa2 30. Rxf5+ Kg8 31. Re5 1-0

[Event "XXVI Festival A"]
[Site "Arco ITA"]
[Date "2014.10.09"]
[Round "6"]
[White "Al Hajiri, Bader"]
[Black "De Santis, Alessio"]
[WhiteElo "2130"]
[BlackElo "2263"]
[Result "0-1"]
[PlyCount "124"]
[EventDate "2014.10.04"]

1. e4 b6 2. d4 Bb7 3. Bd3 g6 4. Nf3 Bg7 5. O-O d6 6. Qe2 e6 7. a3 Nd7 8. c4 Ne7
9. Nc3 O-O 10. Be3 a6 11. Rad1 c5 12. Bc2 Qc7 13. Qd2 cxd4 14. Bxd4 Ne5 15.
Bxe5 Bxe5 16. Nxe5 dxe5 17. Qd7 Rac8 18. Rd6 Bc6 19. Qxc7 Rxc7 20. Rfd1 Nc8 21.
R6d2 Kg7 22. f3 Kf6 23. Kf2 Ke7 24. Ke3 Rd7 25. Ba4 Bxa4 26. Nxa4 Rfd8 27.
Rxd7+ Rxd7 28. Rxd7+ Kxd7 29. Kd2 Kc6 30. b4 g5 31. c5 b5 32. Nb2 Ne7 33. Nd3
Ng6 34. g3 f6 35. Ke3 h5 36. Nf2 Kd7 37. Nh3 Ne7 38. f4 exf4+ 39. gxf4 g4 40.
Nf2 Nc6 41. Nd3 a5 42. f5 e5 43. bxa5 Nxa5 44. Nb4 Nc4+ 45. Kd3 h4 46. Nd5 g3
47. hxg3 hxg3 48. Nxf6+ Kc6 49. Ke2 Kxc5 50. Nd5 Nd6 51. f6 Kd4 52. Nc7 Kxe4
53. Kf1 Kf3 54. Nxb5 Nf7 55. Nc3 g2+ 56. Kg1 Ng5 57. Kh2 Nh3 58. Ne2 Kxe2 59.
Kxg2 Nf4+ 60. Kg3 Nh5+ 61. Kg4 Nxf6+ 62. Kf5 e4 0-1

[Event "XXVI Festival A"]
[Site "Arco ITA"]
[Date "2014.10.09"]
[Round "6"]
[White "Al Muneer, Muhammad"]
[Black "Maddaloni, Giovanni"]
[WhiteElo "1451"]
[BlackElo "1617"]
[Result "1/2-1/2"]
[PlyCount "70"]
[EventDate "2014.10.04"]

1. c4 Nf6 2. Nc3 e5 3. e4 Bc5 4. d3 Nc6 5. Bg5 h6 6. Bh4 d6 7. Nd5 g5 8. Bg3
Nd4 9. Ne2 c6 10. Ndc3 O-O 11. Nxd4 Bxd4 12. Be2 Be6 13. O-O a5 14. a4 Nd7 15.
Bg4 Nc5 16. Bxe6 fxe6 17. Qc2 b6 18. Ne2 Qf6 19. Nxd4 exd4 20. Bxd6 Rf7 21.
Bxc5 bxc5 22. Qb3 e5 23. Qc2 Rb7 24. b3 Kg7 25. Rab1 Rb4 26. Rb2 Ra7 27. Qe2
Rf7 28. Qg4 Kh7 29. Qe2 Kg6 30. Qd2 Qd8 31. Qe2 h5 32. h3 Qc7 33. f3 h4 34. Qe1
Rf8 35. Rff2 Qb6 1/2-1/2

[Event "XXVI Festival A"]
[Site "Arco ITA"]
[Date "2014.10.09"]
[Round "6"]
[White "Altea, Alessandro"]
[Black "Schaefer, Michael"]
[WhiteElo "2063"]
[BlackElo "2155"]
[Result "1-0"]
[PlyCount "81"]
[EventDate "2014.10.04"]

1. e4 c5 2. c3 d5 3. exd5 Qxd5 4. d4 Nc6 5. Nf3 Bf5 6. Be2 e6 7. O-O Nf6 8. Be3
cxd4 9. Nxd4 Nxd4 10. Bxd4 a6 11. Na3 Rc8 12. Qa4+ Qc6 13. Qxc6+ Rxc6 14. Nc4
Be7 15. Na5 Rc8 16. Nxb7 O-O 17. b4 Nd5 18. Rfc1 Bg5 19. Rf1 Nxc3 20. Bxa6 Ra8
21. Bxc3 Rxa6 22. Nc5 Rc6 23. Rfd1 Rb8 24. a3 h5 25. Be5 Rb5 26. Rd6 Rc8 27.
Rd7 f6 28. Bc3 e5 29. Rd6 e4 30. Rad1 e3 31. Rd8+ Rxd8 32. Rxd8+ Kf7 33. Kf1
Ke7 34. Rd1 Bg4 35. f3 Bc8 36. Ke2 f5 37. Bxg7 f4 38. Rd5 Bh4 39. Bh6 Be6 40.
Re5 Rxc5 41. Rxc5 1-0

[Event "XXVI Festival A"]
[Site "Arco ITA"]
[Date "2014.10.09"]
[Round "6"]
[White "Badano, Giancarlo"]
[Black "Tencheni, Maurizio"]
[WhiteElo "1936"]
[BlackElo "1740"]
[Result "1-0"]
[PlyCount "49"]
[EventDate "2014.10.04"]

1. e4 b6 2. g3 Bb7 3. Bg2 g6 4. Ne2 Bg7 5. O-O c5 6. d4 cxd4 7. Nxd4 Nf6 8. e5
Bxg2 9. exf6 Bxf1 10. fxg7 Rg8 11. Kxf1 Rxg7 12. Qf3 Na6 13. c4 Nc7 14. Nc3 a6
15. Be3 Rb8 16. Rd1 Qc8 17. Bf4 g5 18. Nf5 Rg6 19. Qe4 Ne6 20. Bxb8 Qxb8 21.
Nd5 b5 22. Ndxe7 Rf6 23. Qd5 Qd8 24. cxb5 Nc7 25. Qe5 1-0

[Event "XXVI Festival A"]
[Site "Arco ITA"]
[Date "2014.10.09"]
[Round "6"]
[White "Bernardi, Ruben"]
[Black "Dittmar, Peter"]
[WhiteElo "2098"]
[BlackElo "2293"]
[Result "1/2-1/2"]
[PlyCount "68"]
[EventDate "2014.10.04"]

1. e4 Nf6 2. e5 Nd5 3. d4 d6 4. Nf3 Bg4 5. Be2 e6 6. h3 Bh5 7. c4 Nb6 8. O-O
N8d7 9. Nbd2 Be7 10. b3 dxe5 11. dxe5 Nc5 12. Ba3 a5 13. Bxc5 Bxc5 14. Ne4 Ba3
15. Qc2 O-O 16. Rad1 Qe7 17. Nd4 Bg6 18. Bd3 Nd7 19. Nf3 Rfd8 20. Nc3 Nf8 21.
Bxg6 Nxg6 22. g3 c6 23. h4 Qc7 24. Qe4 Bb4 25. Ne2 Rxd1 26. Rxd1 Rd8 27. Rxd8+
Qxd8 28. Kg2 h6 29. h5 Nf8 30. g4 Bc5 31. Nf4 Nh7 32. Nd3 Bf8 33. Qe3 Be7 34.
Nd2 Nf8 1/2-1/2

[Event "XXVI Festival A"]
[Site "Arco ITA"]
[Date "2014.10.09"]
[Round "6"]
[White "Bortolotti, Silvano"]
[Black "Krauss, Josef"]
[WhiteElo "1828"]
[BlackElo "2158"]
[Result "0-1"]
[PlyCount "78"]
[EventDate "2014.10.04"]

1. e4 c6 2. d4 d5 3. exd5 cxd5 4. Nc3 Bf5 5. Bd3 Bxd3 6. Qxd3 a6 7. b3 e6 8.
Nge2 Nc6 9. a3 Bd6 10. Bf4 Bxf4 11. Nxf4 Qf6 12. Nce2 Nge7 13. c3 O-O 14. O-O
Rac8 15. Nh5 Qf5 16. Qxf5 Nxf5 17. Nhg3 Nd6 18. Rfc1 Na5 19. Rab1 Rc7 20. Nf1
Rfc8 21. b4 Nac4 22. a4 Nb6 23. Ra1 Ne4 24. Ra3 Nc4 25. Ra2 a5 26. f3 Ned6 27.
b5 b6 28. Nd2 Ne3 29. Kf2 Nef5 30. g4 Nh4 31. Kg3 g5 32. f4 h6 33. fxg5 hxg5
34. Kf2 Ng6 35. Ke3 f6 36. Ra3 Rh7 37. Rh1 Kf7 38. Ng3 Nf4 39. Nf3 Nc4+ 0-1

[Event "XXVI Festival A"]
[Site "Arco ITA"]
[Date "2014.10.09"]
[Round "6"]
[White "Brioschi, Camillo"]
[Black "Oppici, Gabriele"]
[WhiteElo "1782"]
[BlackElo "1987"]
[Result "0-1"]
[PlyCount "78"]
[EventDate "2014.10.04"]

1. d4 d6 2. c4 Nf6 3. Nc3 Nbd7 4. e4 e5 5. d5 Nc5 6. f3 a5 7. Nge2 Be7 8. Be3
O-O 9. Nc1 Nh5 10. Nd3 Nxd3+ 11. Bxd3 Bg5 12. Qd2 Bxe3 13. Qxe3 Nf4 14. Bf1 c6
15. g3 Ng6 16. dxc6 bxc6 17. O-O-O Qc7 18. c5 dxc5 19. Qxc5 Be6 20. Bc4 Bxc4
21. Qxc4 Qb6 22. Rd2 Rfd8 23. Rhd1 Rxd2 24. Rxd2 Nf8 25. Ne2 Ne6 26. f4 exf4
27. Nxf4 Nxf4 28. gxf4 h6 29. Qd4 Qb5 30. e5 Rb8 31. f5 Qf1+ 32. Rd1 Qxf5 33.
b3 Rb5 34. Re1 Rd5 35. Qe4 Qg5+ 36. Qe3 Rxe5 37. Qxg5 Rxe1+ 38. Kd2 hxg5 39.
Kxe1 f5 0-1

[Event "XXVI Festival A"]
[Site "Arco ITA"]
[Date "2014.10.09"]
[Round "6"]
[White "Cardarelli, Angelo"]
[Black "Paleologu, Vladimir"]
[WhiteElo "2041"]
[BlackElo "2170"]
[Result "0-1"]
[PlyCount "46"]
[EventDate "2014.10.04"]

1. Nf3 d6 2. c4 g6 3. g3 Bg7 4. Bg2 f5 5. Nc3 Nf6 6. d3 e5 7. O-O O-O 8. Rb1
Qe8 9. b4 Na6 10. Ba3 h6 11. c5 dxc5 12. bxc5 c6 13. Qb3+ Kh7 14. Rfd1 g5 15.
e4 Rb8 16. Nd2 f4 17. Nc4 fxg3 18. hxg3 Be6 19. Qc2 Ng4 20. f3 Bxc4 21. fxg4
Be6 22. Qe2 Qd7 23. Bh3 Qd4+ 0-1

[Event "XXVI Festival A"]
[Site "Arco ITA"]
[Date "2014.10.09"]
[Round "6"]
[White "Cardili, Mariano"]
[Black "Joerges, Frank"]
[WhiteElo "2097"]
[BlackElo "1949"]
[Result "1-0"]
[PlyCount "63"]
[EventDate "2014.10.04"]

1. d4 d5 2. c4 e6 3. Nc3 Nf6 4. Bg5 Be7 5. Nf3 Nbd7 6. e3 c6 7. Rc1 O-O 8. Bd3
dxc4 9. Bxc4 h6 10. Bh4 b6 11. O-O Bb7 12. Qe2 c5 13. Rfd1 Ne4 14. Bg3 Nxg3 15.
hxg3 cxd4 16. Nxd4 Bf6 17. Nxe6 fxe6 18. Bxe6+ Kh8 19. Bxd7 Qe7 20. Bg4 Rad8
21. Bf3 Bc8 22. Nd5 Qe6 23. Nxf6 Qxf6 24. Rxd8 Rxd8 25. Rd1 Re8 26. Qd2 Bf5 27.
Qd4 Qe7 28. Qd6 Qf7 29. Qf4 Qg6 30. Rd6 Qh7 31. Qd4 Qg8 32. Rxh6+ 1-0

[Event "XXVI Festival A"]
[Site "Arco ITA"]
[Date "2014.10.09"]
[Round "6"]
[White "Caruso, Augusto"]
[Black "Battistella, Stefano"]
[WhiteElo "2264"]
[BlackElo "2045"]
[Result "1/2-1/2"]
[PlyCount "88"]
[EventDate "2014.10.04"]

1. f4 d5 2. Nf3 g6 3. e3 Bg7 4. Be2 Nf6 5. O-O O-O 6. d3 c5 7. Nbd2 Nc6 8. Qe1
Qc7 9. Qh4 e5 10. fxe5 Nxe5 11. e4 Neg4 12. exd5 Nxd5 13. Nc4 b5 14. h3 Bd4+
15. Kh1 Nf2+ 16. Rxf2 Bxf2 17. Qxf2 bxc4 18. dxc4 Nf4 19. Qg3 Ne6 20. Qh4 f5
21. b3 Bb7 22. Bb2 Rae8 23. Qf2 Nf4 24. Bf1 Nh5 25. Rd1 Ng3+ 26. Kg1 Nxf1 27.
Kxf1 Rd8 28. Re1 Rfe8 29. Ne5 Be4 30. Qg3 Rd4 31. Bxd4 cxd4 32. Rd1 f4 33. Qf2
Qxe5 34. Qxd4 Qxd4 35. Rxd4 Kf7 36. c5 g5 37. c3 Re7 38. b4 Bc6 39. c4 a6 40.
Rd6 Rc7 41. Kf2 Ke7 42. Rh6 Kd8 43. Rh5 Rg7 44. Rh6 Rc7 1/2-1/2

[Event "XXVI Festival A"]
[Site "Arco ITA"]
[Date "2014.10.09"]
[Round "6"]
[White "De Nisi, Roberta"]
[Black "Perman, Denis"]
[WhiteElo "1942"]
[BlackElo "1835"]
[Result "0-1"]
[PlyCount "58"]
[EventDate "2014.10.04"]

1. d4 Nf6 2. c4 g6 3. Nc3 Bg7 4. e4 d6 5. f3 O-O 6. Be3 Nc6 7. Rb1 e5 8. d5 Nd4
9. Nge2 Nxe2 10. Bxe2 c6 11. O-O cxd5 12. cxd5 Ne8 13. Qd2 f5 14. Rfc1 f4 15.
Bf2 g5 16. Rc2 h5 17. Rbc1 g4 18. Nb5 Bd7 19. Qb4 Qg5 20. Kf1 g3 21. hxg3 fxg3
22. Bg1 h4 23. Nxd6 h3 24. gxh3 g2+ 25. Ke1 Qg3+ 26. Kd1 Rxf3 27. Rc4 Bh6 28.
Rb1 Nxd6 29. Qxd6 Rd3+ 0-1

[Event "XXVI Festival A"]
[Site "Arco ITA"]
[Date "2014.10.09"]
[Round "6"]
[White "De Simone Sorrentino, Fabio"]
[Black "Buck, Klaus-Michael"]
[WhiteElo "1630"]
[BlackElo "1679"]
[Result "1-0"]
[PlyCount "111"]
[EventDate "2014.10.04"]

1. e4 e6 2. d4 d5 3. Nd2 Nf6 4. e5 Nfd7 5. Bd3 c5 6. c3 Nc6 7. Ne2 Qb6 8. Nf3
cxd4 9. cxd4 Bb4+ 10. Bd2 Bxd2+ 11. Qxd2 Qb4 12. a3 Qxd2+ 13. Kxd2 Na5 14. Bc2
Nc4+ 15. Kc3 b5 16. b3 Ncb6 17. Bd3 a6 18. Kd2 Bb7 19. Rac1 Rc8 20. Rxc8+ Bxc8
21. Rc1 Kd8 22. Ng5 Ke7 23. f4 h6 24. Nf3 g6 25. Nc3 g5 26. f5 g4 27. Nh4 Kd8
28. Rf1 Nf8 29. Ne2 Ke8 30. Nf4 h5 31. fxe6 Bxe6 32. Rc1 Kd7 33. Nf5 Bxf5 34.
Bxf5+ Ne6 35. Rc5 Ke7 36. Nxd5+ Nxd5 37. Rxd5 Ra8 38. Rd6 Ra7 39. Bxe6 fxe6 40.
Rc6 a5 41. Rc8 Kf7 42. Rh8 Kg6 43. Rf8 Ra6 44. Rf6+ Kg7 45. d5 Ra8 46. Rxe6 Kf7
47. Rf6+ Kg7 48. Rd6 Re8 49. Rd7+ Kg6 50. e6 Kf6 51. Kd3 Ke5 52. e7 a4 53. b4
h4 54. d6 Ke6 55. Rd8 Kf7 56. Rxe8 1-0

[Event "XXVI Festival A"]
[Site "Arco ITA"]
[Date "2014.10.09"]
[Round "6"]
[White "Del Nevo, Claudio"]
[Black "Roversi, Stefano"]
[WhiteElo "1832"]
[BlackElo "1716"]
[Result "0-1"]
[PlyCount "84"]
[EventDate "2014.10.04"]

1. d4 d5 2. Nf3 e6 3. c3 c5 4. Bg5 Qb6 5. Qc2 Nc6 6. e3 cxd4 7. exd4 Bd7 8. Bd3
h6 9. Bf4 Rc8 10. Qe2 Nf6 11. Ne5 Nxe5 12. Bxe5 Bd6 13. Bxd6 Qxd6 14. Nd2 O-O
15. Nf3 Bc6 16. Ne5 Nd7 17. f4 Nxe5 18. fxe5 Qe7 19. O-O a6 20. Qg4 Bb5 21.
Bxb5 axb5 22. Rf3 b4 23. Rg3 f5 24. exf6 Qxf6 25. Rf3 Qe7 26. Raf1 Rxf3 27.
Rxf3 bxc3 28. bxc3 Rc6 29. Qf4 Ra6 30. Rf2 Rb6 31. h4 Rb1+ 32. Kh2 Re1 33. g3
Re4 34. Qb8+ Kh7 35. Rf8 Re2+ 36. Kh3 e5 37. Qc8 h5 38. Qf5+ g6 39. Rf7+ Kh6
40. Rf6 Qe8 41. Qf3 Qd7+ 42. g4 hxg4+ 0-1

[Event "XXVI Festival A"]
[Site "Arco ITA"]
[Date "2014.10.09"]
[Round "6"]
[White "Donadi, Luca"]
[Black "Olivetti, Davide"]
[WhiteElo "1773"]
[BlackElo "1936"]
[Result "0-1"]
[PlyCount "114"]
[EventDate "2014.10.04"]

1. e4 c6 2. d4 d5 3. Nc3 dxe4 4. Nxe4 Bf5 5. Ng3 Bg6 6. Nf3 Nd7 7. h4 h6 8. Bd3
Bxd3 9. Qxd3 Qc7 10. Be3 Ngf6 11. O-O-O e6 12. h5 Be7 13. c3 b5 14. Rh4 b4 15.
c4 a5 16. Bf4 Bd6 17. Bxd6 Qxd6 18. Ne4 Qc7 19. Ne5 Nxe5 20. dxe5 Nxe4 21. Qxe4
Rd8 22. Rxd8+ Kxd8 23. Rg4 Qb6 24. Rxg7 Qxf2 25. Qf3 Qxf3 26. gxf3 Ke7 27. Kc2
a4 28. c5 Rd8 29. Rg4 Rd5 30. Rxb4 Rxc5+ 31. Kd3 Rxe5 32. Rh4 Kd6 33. Rxa4 Rxh5
34. Ra7 f5 35. Rh7 Rh3 36. Ke3 Ke5 37. a4 f4+ 38. Ke2 Rh2+ 39. Kd3 Rxb2 40.
Rxh6 Rb3+ 41. Ke2 Ra3 42. a5 c5 43. Rh5+ Kd4 44. Rh6 Ra2+ 45. Kf1 Ke3 46. Rxe6+
Kxf3 47. Ke1 Rxa5 48. Re5 Ra1+ 49. Kd2 c4 50. Rc5 Ra4 51. Rc8 Kf2 52. Rf8 f3
53. Kc3 Kg2 54. Rg8+ Kf1 55. Rf8 f2 56. Rf7 Ra3+ 57. Kxc4 Kg2 0-1

[Event "XXVI Festival A"]
[Site "Arco ITA"]
[Date "2014.10.09"]
[Round "6"]
[White "Drasko, Milan"]
[Black "Bruno, Fabio"]
[WhiteElo "2434"]
[BlackElo "2422"]
[Result "1/2-1/2"]
[PlyCount "27"]
[EventDate "2014.10.04"]

1. Nf3 Nf6 2. g3 e6 3. Bg2 d5 4. O-O Be7 5. c4 O-O 6. b3 b6 7. Bb2 Bb7 8. e3
Nbd7 9. Nc3 c5 10. cxd5 Nxd5 11. Nxd5 Bxd5 12. d4 Bf6 13. Qe2 cxd4 14. Nxd4
1/2-1/2

[Event "XXVI Festival A"]
[Site "Arco ITA"]
[Date "2014.10.09"]
[Round "6"]
[White "Favre, Bruno"]
[Black "Nanni, Sergio"]
[WhiteElo "1904"]
[BlackElo "1720"]
[Result "1-0"]
[PlyCount "71"]
[EventDate "2014.10.04"]

1. d4 Nf6 2. Nf3 e6 3. e3 Be7 4. Bd3 d5 5. O-O a6 6. Nbd2 O-O 7. e4 dxe4 8.
Nxe4 Nbd7 9. Re1 b5 10. a4 Bb7 11. Nxf6+ Nxf6 12. axb5 axb5 13. Rxa8 Qxa8 14.
Bxb5 c5 15. dxc5 Bxc5 16. Be3 Rd8 17. Qe2 Bxe3 18. fxe3 Qa7 19. b3 h6 20. Bc4
Ne4 21. Bd3 Qc5 22. Bxe4 Bxe4 23. Kf2 Qf5 24. c3 g5 25. Kg1 Rb8 26. Nd4 Qg6 27.
c4 e5 28. Nb5 Bc2 29. Nc3 Rxb3 30. Nd5 Rb7 31. e4 Ba4 32. Rf1 Kg7 33. Rf6 Qh7
34. h3 Rb1+ 35. Kh2 Bc2 36. Qxc2 1-0

[Event "XXVI Festival A"]
[Site "Arco ITA"]
[Date "2014.10.09"]
[Round "6"]
[White "Galas, Franco"]
[Black "Schneider, Johannes"]
[WhiteElo "1719"]
[BlackElo "1854"]
[Result "0-1"]
[PlyCount "70"]
[EventDate "2014.10.04"]

1. e4 c5 2. Nc3 e6 3. Bc4 a6 4. a3 b5 5. Ba2 Bb7 6. d3 d5 7. exd5 exd5 8. Nf3
Nf6 9. O-O Be7 10. Bf4 O-O 11. h3 Nbd7 12. Re1 Nb6 13. Qd2 Bd6 14. Bxd6 Qxd6
15. d4 Nc4 16. Bxc4 dxc4 17. dxc5 Qxc5 18. Qf4 Rfe8 19. Rxe8+ Rxe8 20. Rd1 h6
21. Nh2 a5 22. Ng4 Nxg4 23. Qxg4 b4 24. axb4 axb4 25. Ne2 h5 26. Qd4 Qc6 27.
Nf4 Re4 28. Qd8+ Kh7 29. Nd5 Re5 30. Nf4 Rf5 31. Rd6 Qe4 32. Rd4 Qe1+ 33. Kh2
Qxf2 34. Rd2 Qxf4+ 35. g3 Qe4 0-1

[Event "XXVI Festival A"]
[Site "Arco ITA"]
[Date "2014.10.09"]
[Round "6"]
[White "Galliani, William"]
[Black "Satter, Manfred"]
[WhiteElo "1458"]
[BlackElo "1851"]
[Result "1/2-1/2"]
[PlyCount "40"]
[EventDate "2014.10.04"]

1. d4 Nf6 2. c4 c5 3. d5 g6 4. Nc3 Bg7 5. e4 d6 6. Be2 O-O 7. f4 a6 8. Nf3 Bg4
9. h3 Bxf3 10. Bxf3 Nbd7 11. O-O Rb8 12. a4 Ne8 13. Bg4 Ndf6 14. Re1 Nxg4 15.
Qxg4 Qc8 16. Qxc8 Rxc8 17. e5 Rc7 18. Rb1 f5 19. g3 a5 20. b3 b6 1/2-1/2

[Event "XXVI Festival A"]
[Site "Arco ITA"]
[Date "2014.10.09"]
[Round "6"]
[White "Gardini, Enrico"]
[Black "Catalfamo, Santo"]
[WhiteElo "1850"]
[BlackElo "1696"]
[Result "0-1"]
[PlyCount "80"]
[EventDate "2014.10.04"]

1. c4 b6 2. Nc3 Bb7 3. d4 e6 4. e3 g6 5. Nf3 Ne7 6. Be2 Bg7 7. O-O O-O 8. Qc2
d6 9. Ne1 a6 10. Bf3 Ra7 11. b3 Nd7 12. Bb2 c6 13. Rc1 Ba8 14. Ne2 Qb8 15. Ng3
Rc8 16. Qe2 d5 17. Nd3 a5 18. Rc2 Rac7 19. Rfc1 Bb7 20. Bc3 c5 21. Qe1 Qa7 22.
Nf4 Bf8 23. Bb2 Bg7 24. h4 h5 25. Qd1 cxd4 26. Bxd4 e5 27. Nxd5 Nxd5 28. cxd5
Rxc2 29. Rxc2 Rxc2 30. Qxc2 exd4 31. Qc7 Ne5 32. Be4 Qa8 33. exd4 Ng4 34. d6
Bxe4 35. d7 Bf6 36. Nxe4 Qxe4 37. d8=Q+ Bxd8 38. Qxd8+ Kg7 39. Kf1 Qb1+ 40. Ke2
Qxa2+ 0-1

[Event "XXVI Festival A"]
[Site "Arco ITA"]
[Date "2014.10.09"]
[Round "6"]
[White "Goli, Daniele"]
[Black "Dieli, Riccardo"]
[WhiteElo "1973"]
[BlackElo "1857"]
[Result "0-1"]
[PlyCount "85"]
[EventDate "2014.10.04"]

1. d4 Nf6 2. Nf3 g6 3. c4 c5 4. Nc3 cxd4 5. Nxd4 Bg7 6. g3 Nc6 7. Bg2 O-O 8.
O-O Nxd4 9. Qxd4 Rb8 10. Qxa7 Qc7 11. Nb5 Qxc4 12. Qxb8 Qxb5 13. Be3 d6 14.
Rac1 Bh3 15. Qa7 Bxg2 16. Kxg2 Ng4 17. h3 Ne5 18. Rc2 Nc6 19. Qb6 Qd5+ 20. Kh2
Ne5 21. Rc7 Nc4 22. Qxb7 Nxe3 23. fxe3 Qd2 24. Qf3 Bf6 25. Rfc1 Qxb2 26. R1c2
Qa3 27. Kg2 Kg7 28. Qe4 d5 29. Qd3 Qa8 30. Kh2 e6 31. Qb5 Qa3 32. Qb3 Qd6 33.
R7c6 Qe5 34. Kg2 Rb8 35. Qd3 Rb1 36. Qd4 Qb8 37. Qc5 Qe5 38. Rc8 Qe4+ 39. Kf2
Kh6 40. Qf8+ Kg5 41. h4+ Kg4 42. Qxf7 Qf5+ 43. Kg2 0-1

[Event "XXVI Festival A"]
[Site "Arco ITA"]
[Date "2014.10.09"]
[Round "6"]
[White "Gousseinov, Aguif"]
[Black "Wurm, Alexander"]
[WhiteElo "1985"]
[BlackElo "2111"]
[Result "0-1"]
[PlyCount "44"]
[EventDate "2014.10.04"]

1. e4 e6 2. d4 d5 3. Nd2 Nf6 4. e5 Nfd7 5. Bd3 c5 6. c3 Nc6 7. Ngf3 cxd4 8.
cxd4 f6 9. exf6 Nxf6 10. O-O Bd6 11. Re1 O-O 12. Nf1 Bd7 13. Bd2 Qc7 14. Rc1
Rae8 15. Ne5 Qb8 16. Nxd7 Nxd7 17. Bb5 Nf6 18. Bxc6 bxc6 19. Rxc6 Ne4 20. f3
Nxd2 21. Nxd2 Bxh2+ 22. Kf1 Qb5+ 0-1

[Event "XXVI Festival A"]
[Site "Arco ITA"]
[Date "2014.10.09"]
[Round "6"]
[White "Guido, Flavio"]
[Black "Rotstein, Arkadij"]
[WhiteElo "2356"]
[BlackElo "2499"]
[Result "0-1"]
[PlyCount "94"]
[EventDate "2014.10.04"]

1. e4 c5 2. c3 Nf6 3. e5 Nd5 4. d4 cxd4 5. Nf3 e6 6. cxd4 d6 7. Bc4 Nc6 8. O-O
Nb6 9. Bd3 dxe5 10. dxe5 Nb4 11. Be4 Qxd1 12. Rxd1 Bd7 13. Nc3 Bc6 14. Bxc6+
Nxc6 15. Nb5 Nd5 16. Be3 Be7 17. Rac1 a6 18. Nbd4 Nxd4 19. Bxd4 Kd7 20. Nd2 Bg5
21. g3 Bxd2 22. Rxd2 Rac8 23. Rdc2 Rxc2 24. Rxc2 Nb4 25. Rd2 Rc8 26. Bc3+ Nd5
27. Kg2 Rc4 28. Rd4 Rxd4 29. Bxd4 Kc6 30. Kf3 Nb4 31. a3 Kd5 32. Bc3 Nd3 33.
Ke2 Nxe5 34. f4 Ng4 35. Bxg7 Nxh2 36. Kd3 f5 37. Bd4 Ng4 38. a4 Nh6 39. b3 Nf7
40. Be3 Nd6 41. Bd2 Ne4 42. Be1 b6 43. b4 b5 44. axb5 axb5 45. Ke3 h6 46. Kf3
h5 47. Kg2 Kd4 0-1

[Event "XXVI Festival A"]
[Site "Arco ITA"]
[Date "2014.10.09"]
[Round "6"]
[White "Karl, Hans"]
[Black "Mombelli, Antonio"]
[WhiteElo "2105"]
[BlackElo "1832"]
[Result "1/2-1/2"]
[PlyCount "46"]
[EventDate "2014.10.04"]

1. d4 d5 2. c4 e6 3. Nc3 c6 4. e3 Nf6 5. Nf3 Nbd7 6. Bd3 dxc4 7. Bxc4 b5 8. Bd3
Bd6 9. e4 e5 10. d5 cxd5 11. Nxb5 Bc5 12. Nc3 Bb7 13. exd5 Nxd5 14. Nxd5 Bxd5
15. O-O Bxf3 16. Qxf3 O-O 17. Qh3 g6 18. Bh6 Re8 19. Rad1 Bd4 20. Bb5 Re7 21.
Bg5 f6 22. Be3 Nb6 23. Qh4 Qd5 1/2-1/2

[Event "XXVI Festival A"]
[Site "Arco ITA"]
[Date "2014.10.09"]
[Round "6"]
[White "Martinez, Guido"]
[Black "Sprea, Giuseppe"]
[WhiteElo "1856"]
[BlackElo "1938"]
[Result "0-1"]
[PlyCount "52"]
[EventDate "2014.10.04"]

1. d4 Nf6 2. c4 e6 3. Nc3 Bb4 4. Qc2 O-O 5. a3 Bxc3+ 6. Qxc3 d5 7. Bg5 c5 8.
Bxf6 Qxf6 9. e3 cxd4 10. exd4 Nc6 11. Nf3 e5 12. Nxe5 Re8 13. Be2 Nxd4 14. Qxd4
Rxe5 15. Rd1 Qe7 16. Rd2 Bf5 17. Kd1 Re8 18. Bd3 Bxd3 19. Qxd3 dxc4 20. Qxc4
Rc5 21. Qd3 Rec8 22. Qb1 g6 23. f3 Qe3 24. Rf1 Qb3+ 25. Ke2 Re8+ 26. Kf2 Qe3+
0-1

[Event "XXVI Festival A"]
[Site "Arco ITA"]
[Date "2014.10.09"]
[Round "6"]
[White "Messina, Roberta"]
[Black "Dalla Vecchia, Paolo"]
[WhiteElo "2006"]
[BlackElo "1897"]
[Result "1-0"]
[PlyCount "87"]
[EventDate "2014.10.04"]

1. Nf3 d5 2. c4 c6 3. d4 Nf6 4. Nc3 e6 5. g3 Nbd7 6. Bg2 dxc4 7. O-O Bb4 8. a4
Ba5 9. Qc2 Nd5 10. Ne4 N7b6 11. Neg5 Qe7 12. e4 Nb4 13. Qc3 f6 14. Nh3 O-O 15.
b3 cxb3 16. Qxb3 Kh8 17. Ba3 e5 18. Rfb1 c5 19. dxc5 Be6 20. Qd1 Rfd8 21. Qc1
Nd3 22. cxb6 Nxc1 23. Bxe7 Rd1+ 24. Bf1 Bxh3 25. Rxc1 Rxf1+ 26. Rxf1 Bxf1 27.
Kxf1 axb6 28. Rd1 Kg8 29. Ke2 Kf7 30. Ba3 g5 31. h4 h6 32. h5 Rc8 33. Rc1 Ra8
34. Rc7+ Kg8 35. Be7 b5 36. Rxb7 bxa4 37. Rb2 Kf7 38. Ba3 Rc8 39. Nd2 Rc3 40.
Ra2 Ke6 41. Bf8 Bb6 42. Rxa4 Rc2 43. Ra6 Rb2 44. Bc5 1-0

[Event "XXVI Festival A"]
[Site "Arco ITA"]
[Date "2014.10.09"]
[Round "6"]
[White "Milano, Maria"]
[Black "Menon, Michele"]
[WhiteElo "1614"]
[BlackElo "1703"]
[Result "1/2-1/2"]
[PlyCount "56"]
[EventDate "2014.10.04"]

1. d4 d6 2. c4 Nf6 3. Nf3 Nbd7 4. Nc3 e5 5. e4 Be7 6. Be2 c6 7. O-O O-O 8. a3
a5 9. h3 Qc7 10. Bg5 h6 11. Be3 Nb6 12. d5 Nbd7 13. Qc2 Re8 14. Rfd1 Nf8 15. b4
Ng6 16. c5 axb4 17. axb4 Rxa1 18. Rxa1 cxd5 19. Nxd5 Nxd5 20. exd5 Nf4 21. Bxf4
exf4 22. Rc1 Bf6 23. Bd3 Bd7 24. Qc4 g5 25. b5 dxc5 26. Qxc5 Qxc5 27. Rxc5 Rc8
28. Rxc8+ Bxc8 1/2-1/2

[Event "XXVI Festival A"]
[Site "Arco ITA"]
[Date "2014.10.09"]
[Round "6"]
[White "Moratto, Davide"]
[Black "Mircoli, Filippo"]
[WhiteElo "1796"]
[BlackElo "1641"]
[Result "0-1"]
[PlyCount "64"]
[EventDate "2014.10.04"]

1. e4 c5 2. Nf3 e6 3. d4 cxd4 4. Qxd4 Nc6 5. Qd1 a6 6. a3 Be7 7. c4 d6 8. Nc3
Nf6 9. Be2 O-O 10. O-O Bd7 11. b4 Rc8 12. Qd3 Ng4 13. Bb2 Nge5 14. Qc2 Nxf3+
15. Bxf3 Nd4 16. Qd3 Nxf3+ 17. gxf3 Bf6 18. Rac1 Be5 19. Qe3 Qh4 20. Rfd1 Qxh2+
21. Kf1 Bf4 22. Qd3 Bxc1 23. Bxc1 Bc6 24. b5 axb5 25. Nxb5 Bxb5 26. cxb5 Rxc1
27. Rxc1 Qh1+ 28. Ke2 Qxc1 29. Qxd6 Qc4+ 30. Ke3 Qxb5 31. e5 h6 32. Kf4 Qd5 0-1

[Event "XXVI Festival A"]
[Site "Arco ITA"]
[Date "2014.10.09"]
[Round "6"]
[White "Moro, Roberto"]
[Black "Gulinelli, Euro"]
[WhiteElo "1748"]
[BlackElo "1632"]
[Result "1-0"]
[PlyCount "69"]
[EventDate "2014.10.04"]

1. e4 c6 2. d4 d5 3. e5 c5 4. Bb5+ Bd7 5. Bxd7+ Nxd7 6. Ne2 e6 7. c3 cxd4 8.
cxd4 Bb4+ 9. Nbc3 Ne7 10. O-O O-O 11. Ng3 Bxc3 12. bxc3 Rc8 13. Qg4 Ng6 14. Bg5
Qa5 15. h4 Rfe8 16. h5 Ngf8 17. Bf6 g6 18. Qg5 Nxf6 19. exf6 Nd7 20. hxg6 fxg6
21. Nh5 Rf8 22. Rae1 Rc6 23. Re3 Rf7 24. Rfe1 Qa6 25. Nf4 Rxf6 26. Rh3 Rf7 27.
Ree3 Rf6 28. Rh6 Rxf4 29. Qxf4 Qxa2 30. Rxh7 Kxh7 31. Qf7+ Kh6 32. Rh3+ Kg5 33.
f4+ Kg4 34. Qxg6+ Kxf4 35. Rf3# 1-0

[Event "XXVI Festival A"]
[Site "Arco ITA"]
[Date "2014.10.09"]
[Round "6"]
[White "Perman, Sergey"]
[Black "Pedersen, Henrik Bolding"]
[WhiteElo "2150"]
[BlackElo "2142"]
[Result "1/2-1/2"]
[PlyCount "22"]
[EventDate "2014.10.04"]

1. e4 c6 2. d4 d5 3. Nd2 dxe4 4. Nxe4 Nf6 5. Nxf6+ exf6 6. c3 Bd6 7. Bd3 O-O 8.
Qc2 Re8+ 9. Ne2 g6 10. h3 f5 11. Bd2 Be6 1/2-1/2